000 00534cam a22002291 4500
001 sa 68001400
003 DLC
005 20260227112433.0
008 950117s1963 ii 000 0 tamo
010 _asa 68001400
025 _aPL480:I-T-1898
035 _a(OCoLC)31829407
040 _aDLC
_cCU
_dCU
_dDLC
042 _apremarc
050 0 0 _aHQ10
_b.K3
100 1 _aKapilan, V.
245 1 0 _aNalla kuáš­umpam.
260 _c[1963]
300 _a112 p.
_c18 cm.
500 _aIn Tamil.
650 0 _aFamily life education.
999 _c77918
_d77918